| 000 | 00476nam a22001697a 4500 | ||
|---|---|---|---|
| 005 | 20240712110759.0 | ||
| 008 | 240712b |||||||| |||| 00| 0 eng d | ||
| 020 | _a9781118128985 | ||
| 082 |
_a005.36 _bRAC-M |
||
| 100 | _aRachui, Steve | ||
| 245 |
_aMastering System Center 2012 Configuration Manager / _cKent Agerlund |
||
| 260 |
_aindia: _bSybex; _c2012. |
||
| 300 |
_axxiv, 792 P. : _bILL; _c24 CM. |
||
| 500 | _aInclude index. | ||
| 650 | _aNetworking | ||
| 999 |
_c36109 _d36109 |
||